Storia d'Italia #10. XX sec. - Statistics

Statistiche generali
  • Questo quiz è stato fatto 266 volte
  • Il punteggio medio è 16 su 20
Statistiche sulle risposte
Domanda Risposta % Corretto
Dittatore che prese il potere nel 1922 e governò l'Italia per oltre vent'anni Benito Mussolini
100%
In questo anno l'Italia entra nella prima guerra mondiale, schierandosi con l'Intesa 1915
99%
Il 10 giugno 1940 l'Italia entra nella seconda guerra mondiale dichiarando guerra a questi due paesi (basta nominarne uno) Francia / Regno Unito
98%
Nel 1919 il poeta Gabriele d'Annunzio guida una spedizione di volontari con lo scopo di annettere all'Italia questa città giuliana di popolazione prevalentemente italiana Fiume
95%
A partire dal 1° gennaio di questo anno entra in vigore la nuova Costituzione della Repubblica Italiana 1948
92%
Politico, ex presidente del consiglio dei ministri, che nel 1978 viene sequestrato e assassinato dalle Brigate Rosse Aldo Moro
92%
Nel 1935 l'Italia inizia la sua ultima guerra coloniale conquistando questo grande paese africano Etiopia
92%
Etichetta giornalistica che indica il periodo di violenze, lotta armata e terrorismo che ha caratterizzato l'Italia tra la fine degli anni Sessanta e l'inizio degli anni Ottanta: Anni di _____ Anni di piombo
87%
Dal 1936 l'Italia interviene in aiuto delle forze nazionaliste durante la guerra civile che infuria in questo paese europeo Spagna
87%
In questo giorno si tiene il referendum che sancisce la nascita della Repubblica Italiana 2 giugno 1946
85%
Nel 1911 l'Italia invade e conquista questo paese africano, allora territorio ottomano Libia
85%
Località siciliana in cui il 23 maggio 1992 vengono assassinati il magistrato anti-mafia Giovanni Falcone, sua moglie e tre agenti della scorta Capaci
81%
Questa città è teatro, nel dicembre 1969, della strage di Piazza Fontana, primo di una serie di gravi attentati terroristici che avrebbero sconvolto l'Italia Milano
78%
Tra i più grandi drammaturghi del XX secolo, questo autore siciliano ha vinto il premio Nobel per la letteratura nel 1934 Luigi Pirandello
75%
In questo anno, con i Trattati di Roma, viene istituita la Comunità Economica Europea (CEE) 1957
72%
Nel 1960 termina l'amministrazione fiduciaria italiana su questo paese africano Somalia
71%
Primo presidente della Repubblica Italiana Enrico De Nicola
58%
Con l'armistizio firmato in questa data, l'Italia si arrende alle forze alleate durante la seconda guerra mondiale 8 settembre 1943
55%
Prima, e per ora unica, donna italiana ad aver vinto il premio Nobel per la letteratura, nel 1926 Grazia Deledda
49%
Medico che nel 1906 è stato, con Giosue Carducci, il primo italiano a vincere il premio Nobel Camillo Golgi
16%
Nessun quiz corrispondente trovato
Distribuzione punteggi
Percentuale di utenti per punteggio
Percentile per numero di risposta
I tuoi punteggi nel tempo
Non hai fatto questo quiz